Crealectics as a Creative Method (Запис № 579901)

МАРК-запис
000 -LEADER
fixed length control field 04849nam a22007335i 4500
001 - CONTROL NUMBER
control field 978-3-032-00427-7
003 - CONTROL NUMBER IDENTIFIER
control field DE-He213
005 - DATE AND TIME OF LATEST TRANSACTION
control field 20260304124620.0
007 - PHYSICAL DESCRIPTION FIXED FIELD--GENERAL INFORMATION
fixed length control field cr nn 008mamaa
008 - FIXED-LENGTH DATA ELEMENTS--GENERAL INFORMATION
fixed length control field 251105s2025 sz | s |||| 0|eng d
020 ## - INTERNATIONAL STANDARD BOOK NUMBER
International Standard Book Number 9783032004277
-- 978-3-032-00427-7
024 7# - OTHER STANDARD IDENTIFIER
Standard number or code 10.1007/978-3-032-00427-7
Source of number or code doi
050 #4 - LIBRARY OF CONGRESS CALL NUMBER
Classification number HM846-851
072 #7 - SUBJECT CATEGORY CODE
Subject category code JF
Source bicssc
072 #7 - SUBJECT CATEGORY CODE
Subject category code SOC000000
Source bisacsh
072 #7 - SUBJECT CATEGORY CODE
Subject category code JB
Source thema
082 04 - DEWEY DECIMAL CLASSIFICATION NUMBER
Classification number 303.483
Edition number 23
100 1# - MAIN ENTRY--PERSONAL NAME
Personal name de Miranda, Luis.
Relator term author.
Relator code aut
-- http://id.loc.gov/vocabulary/relators/aut
9 (RLIN) 23879
245 10 - TITLE STATEMENT
Title Crealectics as a Creative Method
Medium [electronic resource] :
Remainder of title A New Approach to Holistic Innovation for Compossible Worlds /
Statement of responsibility, etc by Luis de Miranda.
250 ## - EDITION STATEMENT
Edition statement 1st ed. 2025.
264 #1 -
-- Cham :
-- Springer Nature Switzerland :
-- Imprint: Palgrave Macmillan,
-- 2025.
300 ## - PHYSICAL DESCRIPTION
Extent VII, 149 p. 11 illus., 10 illus. in color.
Other physical details online resource.
336 ## -
-- text
-- txt
-- rdacontent
337 ## -
-- computer
-- c
-- rdamedia
338 ## -
-- online resource
-- cr
-- rdacarrier
341 0# -
-- PDF/UA-1
-- onix
341 0# -
-- Table of contents navigation
-- onix
341 0# -
-- Single logical reading order
-- onix
341 0# -
-- Short alternative textual descriptions
-- onix
341 0# -
-- Use of color is not sole means of conveying information
-- onix
341 0# -
-- Use of high contrast between text and background color
-- onix
341 0# -
-- Next / Previous structural navigation
-- onix
341 0# -
-- All non-decorative content supports reading without sight
-- onix
347 ## -
-- text file
-- PDF
-- rda
490 1# - SERIES STATEMENT
Series statement Palgrave Advances in Possibility Studies,
Міжнародний стандартний серійний номер для назви серії (ISSN) 3091-258X
505 0# - FORMATTED CONTENTS NOTE
Formatted contents note Chapter 1: Introduction -- Chapter 2: Resetting -- Chapter 3: Crealing -- Chapter 4: Profusing -- Chapter 5: Compossibilizing -- Chapter 6: Realizing -- Chapter 7: Conclusion: The Pluriverse of Compossible Worlds.
506 0# - RESTRICTIONS ON ACCESS NOTE
Terms governing access Open Access
520 ## - SUMMARY, ETC.
Summary, etc This open access book introduces crealectics, a new creative methodology that bridges philosophical depth with practical innovation. Drawing on Leibniz's concept of compossibility – the idea that not everything possible can coexist in the same world –the author develops a five-phase approach to holistic innovation: resetting, crealing, profusing, compossibilizing, and realizing. Tested through real-world applications including case studies with Vattenfall R&D, the crealectic method offers an alternative to purely analytical or dialectical approaches to innovation, what the author calls “inner-novation." The book presents the C.I.P.H.E.R. model (Crealectic Intelligence and Philosophical Health for Eudynamic Realities), demonstrating how individual transformation and collective innovation can work together to create "the best of compossible worlds." This interdisciplinary work contributes to possibility studies, sustainability thinking, and innovation methodology, offering practical tools for academics, practitioners, and students seeking approaches to creative problem-solving that honor both diversity and coherence.
532 8# -
-- Accessibility summary: This PDF has been created in accordance with the PDF/UA-1 standard to enhance accessibility, including screen reader support, described non-text content (images, graphs), bookmarks for easy navigation, keyboard-friendly links and forms and searchable, selectable text. We recognize the importance of accessibility, and we welcome queries about accessibility for any of our products. If you have a question or an access need, please get in touch with us at accessibilitysupport@springernature.com. Please note that a more accessible version of this eBook is available as ePub.
532 8# -
-- No reading system accessibility options actively disabled
532 8# -
-- Publisher contact for further accessibility information: accessibilitysupport@springernature.com
650 #0 - SUBJECT ADDED ENTRY--TOPICAL TERM
Topical term or geographic name as entry element Technology
General subdivision Sociological aspects.
650 #0 - SUBJECT ADDED ENTRY--TOPICAL TERM
Topical term or geographic name as entry element Technology
General subdivision Philosophy.
650 #0 - SUBJECT ADDED ENTRY--TOPICAL TERM
Topical term or geographic name as entry element Environmental sciences
General subdivision Social aspects.
650 #0 - SUBJECT ADDED ENTRY--TOPICAL TERM
Topical term or geographic name as entry element Critical Thinking.
9 (RLIN) 21636
650 #0 - SUBJECT ADDED ENTRY--TOPICAL TERM
Topical term or geographic name as entry element Psychology, Industrial.
650 14 - SUBJECT ADDED ENTRY--TOPICAL TERM
Topical term or geographic name as entry element Science, Technology and Society.
650 24 - SUBJECT ADDED ENTRY--TOPICAL TERM
Topical term or geographic name as entry element Philosophy of Technology.
650 24 - SUBJECT ADDED ENTRY--TOPICAL TERM
Topical term or geographic name as entry element Environmental Social Sciences.
650 24 - SUBJECT ADDED ENTRY--TOPICAL TERM
Topical term or geographic name as entry element Critical Thinking.
9 (RLIN) 21636
650 24 - SUBJECT ADDED ENTRY--TOPICAL TERM
Topical term or geographic name as entry element Organizational Psychology.
710 2# - ADDED ENTRY--CORPORATE NAME
Corporate name or jurisdiction name as entry element SpringerLink (Online service)
773 0# - HOST ITEM ENTRY
Title Springer Nature eBook
776 08 - ADDITIONAL PHYSICAL FORM ENTRY
Display text Printed edition:
International Standard Book Number 9783032004260
776 08 - ADDITIONAL PHYSICAL FORM ENTRY
Display text Printed edition:
International Standard Book Number 9783032004284
776 08 - ADDITIONAL PHYSICAL FORM ENTRY
Display text Printed edition:
International Standard Book Number 9783032004291
830 #0 - SERIES ADDED ENTRY--UNIFORM TITLE
Uniform title Palgrave Advances in Possibility Studies,
-- 3091-258X
9 (RLIN) 23880
856 40 - ELECTRONIC LOCATION AND ACCESS
Uniform Resource Identifier <a href="https://doi.org/10.1007/978-3-032-00427-7">https://doi.org/10.1007/978-3-032-00427-7</a>
912 ## -
-- ZDB-2-SLS
912 ## -
-- ZDB-2-SXS
912 ## -
-- ZDB-2-SOB

Немає доступних примірників.